[Event "Polugaevsky Memorial 2015"]
[Site "Samara RUS"]
[Date "2015.07.05"]
[Round "3.5"]
[White "Belyakov, Bogdan"]
[Black "Bykov, Oleg"]
[Result "1-0"]
[WhiteTitle "IM"]
[WhiteElo "2500"]
[BlackElo "2178"]
[WhiteFideId "24104795"]
[BlackFideId "24198978"]
[EventDate "2015.07.03"]

1. e4 e6 2. d4 d5 3. Nc3 Bb4 4. Ne2 dxe4 5. a3 Bxc3+ 6. Nxc3 Nf6 7. Bg5 Nbd7 8.
Nxe4 O-O 9. Bd3 h6 10. Bh4 Rb8 11. Qe2 a6 12. f4 b5 13. g4 Bb7 14. Rg1 c5 15. g5
Nxe4 16. Bxe4 Bxe4 17. Qxe4 g6 18. O-O-O b4 19. a4 h5 20. Bf2 Qc7 21. d5 exd5
22. Rxd5 Rfe8 23. Qc4 Nb6 24. Rxc5 Qd7 25. Qb3 Rbd8 26. Qxb4 Nxa4 27. Re5 Rb8
28. Rxe8+ Rxe8 29. Re1 Rc8 30. Re7 Qc6 31. Qb3 Rf8 32. Kb1 Qd6 33. Re5 Qd1+ 34.
Ka2 Qd2 35. Be3 Qd7 36. Ka3 Qd6+ 37. Qb4 Qxb4+ 38. Kxb4 Nxb2 39. Ba7 Ra8 40. Bd4
Rb8+ 41. Kc3 Na4+ 42. Kd3 Nb2+ 43. Bxb2 Rxb2 44. Re8+ Kg7 45. Ra8 Ra2 46. h4 Ra5
47. c4 Rf5 48. Ke4 a5 49. Rc8 Kh7 50. Rb8 Rc5 51. Kd4 Rf5 52. c5 Rxf4+ 53. Kd5
Rf1 54. c6 Rc1 55. Ra8 Kg7 56. Rxa5 Kf8 57. Rc5 Rd1+ 58. Kc4 Rc1+ 59. Kb5 Rb1+
60. Ka6 Ra1+ 61. Kb6 Rb1+ 62. Rb5 Rc1 63. c7 Ke7 64. Rc5 Rxc5 65. Kxc5 1-0

[Event "Polugaevsky Memorial 2015"]
[Site "Samara RUS"]
[Date "2015.07.05"]
[Round "3.6"]
[White "Oganian, Miran"]
[Black "Kryakvin, Dmitry"]
[Result "1/2-1/2"]
[WhiteTitle "FM"]
[BlackTitle "GM"]
[WhiteElo "2370"]
[BlackElo "2529"]
[WhiteFideId "4122488"]
[BlackFideId "4153278"]
[EventDate "2015.07.03"]

1. d4 Nf6 2. c4 g6 3. Nc3 Bg7 4. e4 d6 5. Nf3 O-O 6. Be2 e5 7. Be3 c6 8. d5 Ng4
9. Bg5 f6 10. Bh4 c5 11. O-O Na6 12. Ne1 Nh6 13. Nd3 g5 14. Bg3 f5 15. exf5 Nxf5
16. Ne4 h6 17. Rb1 b6 18. a3 Nc7 19. b4 Ne8 20. Re1 Nf6 21. Bf3 Nxe4 22. Bxe4
Nd4 23. h3 Qf6 24. bxc5 bxc5 25. Nxc5 dxc5 26. d6 Bf5 27. Bxa8 Rxa8 28. Bxe5 Qg6
29. Bxg7 Qxg7 30. Rb5 g4 31. Re3 Bc2 32. Qd2 Rf8 33. hxg4 Nxb5 34. cxb5 Bg6 35.
Qd5+ Qf7 36. Qd2 Qf6 37. Re7 c4 38. Rc7 Bd3 39. Rc6 Qa1+ 40. Kh2 Qe5+ 41. Kg1
Qa1+ 42. Kh2 Qe5+ 43. Kg1 1/2-1/2

[Event "Polugaevsky Memorial 2015"]
[Site "Samara RUS"]
[Date "2015.07.05"]
[Round "3.7"]
[White "Goganov, Aleksey"]
[Black "Drygalov, Andrey"]
[Result "1-0"]
[WhiteTitle "GM"]
[WhiteElo "2601"]
[BlackElo "2305"]
[WhiteFideId "24109959"]
[BlackFideId "24171735"]
[EventDate "2015.07.03"]

1. c4 Nf6 2. Nc3 e5 3. Nf3 Nc6 4. g3 d5 5. cxd5 Nxd5 6. Bg2 Nb6 7. O-O Be7 8. a3
Be6 9. b4 O-O 10. Rb1 f6 11. d3 a5 12. b5 Nd4 13. Nd2 Ra7 14. e3 Nf5 15. Qc2 a4
16. Nc4 Kh8 17. Re1 g6 18. Nxb6 Bb3 19. Qd2 cxb6 20. d4 Bd6 21. Ne4 exd4 22.
exd4 Be7 23. Bb2 Qd7 24. d5 Raa8 25. Bh3 Rae8 26. d6 Bd8 27. Rbc1 Be6 28. Bf1
Kg8 29. Qb4 Ng7 30. h4 h6 31. Bg2 Kh7 32. Bd4 Nf5 33. Bxf6 Rf7 34. Bb2 Bb3 35.
Re2 Re6 36. Qc3 Rf8 37. Rce1 Rfe8 38. h5 gxh5 39. Bh3 1-0

[Event "Polugaevsky Memorial 2015"]
[Site "Samara RUS"]
[Date "2015.07.05"]
[Round "3.9"]
[White "Yeletsky, Ivan"]
[Black "Papin, Vasily"]
[Result "1/2-1/2"]
[WhiteTitle "FM"]
[BlackTitle "GM"]
[WhiteElo "2310"]
[BlackElo "2500"]
[WhiteFideId "24180327"]
[BlackFideId "4143183"]
[EventDate "2015.07.03"]

1. c4 e6 2. g3 d5 3. Nf3 dxc4 4. Qa4+ c6 5. Qxc4 b5 6. Qc2 Bb7 7. Bg2 Nf6 8. O-O
Be7 9. a4 a6 10. d4 Nbd7 11. Ne5 Nxe5 12. dxe5 Nd5 13. Nc3 Qb8 14. Bf4 Nxc3 15.
Qxc3 c5 16. Rfd1 Bxg2 17. Kxg2 bxa4 18. Rxa4 O-O 19. Rda1 Rc8 20. R1a2 Qb5 21.
Qc4 Qb7+ 22. f3 Rc6 23. Bd2 Rb6 24. Bc3 h6 25. Ra1 Qc6 26. h4 Rb5 27. Qa2 Rb6
28. Qc4 Rb5 29. h5 Rb6 30. Kf2 Qb7 31. R1a2 Qc6 32. Ra1 Qb7 33. Rd1 Rb8 34. Qe4
Qa7 35. Kg2 Rd8 36. Rxd8+ Bxd8 37. Ra1 Rb8 38. Qc6 Bb6 39. Rd1 Qc7 40. Rd6 Qxc6
41. Rxc6 Kf8 42. f4 Ke7 43. Rd6 f6 44. Rc6 Kd7 45. Rd6+ Ke7 46. Rc6 Kd7 47. Rd6+
Ke7 48. Rc6 Kd7 49. Rd6+ Ke7 50. Rc6 Kd7 51. Rd6+ 1/2-1/2

[Event "Polugaevsky Memorial 2015"]
[Site "Samara RUS"]
[Date "2015.07.05"]
[Round "3.10"]
[White "Bochkarev, Alexey"]
[Black "Yuffa, Daniil"]
[Result "0-1"]
[WhiteTitle "FM"]
[BlackTitle "IM"]
[WhiteElo "2306"]
[BlackElo "2474"]
[WhiteFideId "34101516"]
[BlackFideId "24131423"]
[EventDate "2015.07.03"]

1. d4 Nf6 2. Nf3 d5 3. Bf4 c5 4. e3 Nc6 5. c3 Qb6 6. b3 Bf5 7. Bd3 Bg6 8. O-O e6
9. Ne5 Be7 10. Nxg6 hxg6 11. h3 O-O 12. Qe2 Qa5 13. Rc1 Rac8 14. Nd2 cxd4 15.
exd4 Nh5 16. Be3 Qc7 17. Qd1 Qd7 18. Nf3 Bd6 19. Qd2 Rc7 20. Rc2 Rfc8 21. Rd1
Nf6 22. Qc1 Qe7 23. Bg5 Qf8 24. Ne1 Nd7 25. Be3 a6 26. Bf1 Nf6 27. c4 Ba3 28.
Qb1 Nb4 29. c5 b6 30. Bf4 Rc6 31. Bd6 Qd8 32. Re2 Ne4 33. Rxe4 dxe4 34. Bc4 b5
35. Bf1 Nd5 36. Nc2 Rxd6 37. Qa1 Bxc5 0-1

[Event "Polugaevsky Memorial 2015"]
[Site "Samara RUS"]
[Date "2015.07.06"]
[Round "4.1"]
[White "Alekseenko, Kirill"]
[Black "Iljushin, Alexei"]
[Result "1-0"]
[WhiteTitle "GM"]
[BlackTitle "GM"]
[WhiteElo "2513"]
[BlackElo "2531"]
[WhiteFideId "4135539"]
[BlackFideId "4122178"]
[EventDate "2015.07.03"]

1. e4 c6 2. d4 d5 3. e5 Bf5 4. Nf3 e6 5. Be2 Nd7 6. O-O Bg6 7. Nbd2 Ne7 8. Ne1
c5 9. c3 Nc6 10. Nb3 Qb6 11. f4 h5 12. Rf2 a5 13. a4 Be7 14. Bb5 c4 15. Nd2 Na7
16. Bxd7+ Kxd7 17. b3 cxb3 18. Nxb3 Rhc8 19. Ba3 Rxc3 20. Nc5+ Bxc5 21. Bxc5
Rxc5 22. dxc5 Qxc5 23. Nf3 Nc6 24. Rc1 Qe3 25. Qd2 Qxd2 26. Rxd2 Rb8 27. Rb2 Nb4
28. Rc3 Rc8 29. Rxc8 Kxc8 30. Nd4 Kc7 31. Rb3 Kb6 32. Rg3 h4 33. Rg5 Kc5 34.
Nb3+ Kb6 35. Nd4 Kc5 36. Nxe6+ fxe6 37. Rxg6 b5 38. f5 bxa4 39. f6 gxf6 40. exf6
Kd6 41. Rg8 1-0

[Event "Polugaevsky Memorial 2015"]
[Site "Samara RUS"]
[Date "2015.07.06"]
[Round "4.3"]
[White "Saiyn, Zhanat"]
[Black "Goganov, Aleksey"]
[Result "1/2-1/2"]
[WhiteTitle "IM"]
[BlackTitle "GM"]
[WhiteElo "2392"]
[BlackElo "2601"]
[WhiteFideId "13703820"]
[BlackFideId "24109959"]
[EventDate "2015.07.03"]

1. d4 Nf6 2. c4 e6 3. Nc3 Bb4 4. e3 O-O 5. Bd3 c5 6. Ne2 cxd4 7. exd4 d5 8. cxd5
Qxd5 9. O-O Qh5 10. Ne4 Be7 11. Nf4 Qxd1 12. Rxd1 Rd8 13. Be3 Nc6 14. Nxf6+ Bxf6
15. Be4 Nxd4 16. Nh5 e5 17. Nxf6+ gxf6 18. Bxd4 exd4 19. Rd2 Rb8 20. Rad1 Be6
21. Rxd4 Rxd4 22. Rxd4 f5 23. Bb1 Rc8 24. Rd1 b5 25. a3 Rc5 26. f4 Bb3 27. Re1
Rd5 28. Kf2 Kg7 29. Re5 Rd2+ 30. Re2 Rd5 31. Re5 Rd2+ 32. Re2 Rd5 33. Re5 Rd2+ 1/2-1/2

[Event "Polugaevsky Memorial 2015"]
[Site "Samara RUS"]
[Date "2015.07.06"]
[Round "4.4"]
[White "Timofeev, Artyom"]
[Black "Palachev, Petr"]
[Result "1-0"]
[WhiteTitle "GM"]
[BlackTitle "FM"]
[WhiteElo "2536"]
[BlackElo "2392"]
[WhiteFideId "4140419"]
[BlackFideId "24129003"]
[EventDate "2015.07.03"]

1. e4 c6 2. Ne2 d5 3. e5 Bf5 4. Ng3 Bg6 5. h4 h6 6. h5 Bh7 7. e6 Qd6 8. exf7+
Kxf7 9. d4 e5 10. c3 Nd7 11. Bd3 e4 12. Be2 Ngf6 13. c4 Re8 14. Be3 Qb4+ 15. Nd2
Bd6 16. Qc1 Rhf8 17. O-O Kg8 18. c5 Bb8 19. Nc4 b5 20. a3 Qa4 21. Nd6 Re6 22. b3
Qa5 23. Bf4 Qd8 24. a4 b4 25. a5 Ne8 26. Bg4 Ref6 27. Be5 Nxe5 28. dxe5 Rf4 29.
Be6+ Kh8 30. Ne2 Rh4 31. Nf7+ Rxf7 32. Bxf7 Bxe5 33. g3 Rg4 34. Ra4 Qh4 35. Kg2
e3 36. Bg6 exf2 37. Qe3 Bxg6 38. hxg6 Qe7 39. Qxf2 Nf6 40. Qf5 Qe8 41. Rf3 Rg5
42. Qd3 Ne4 43. Rxb4 Qxg6 44. Rb7 a6 45. Ra7 h5 46. Rxa6 Qe8 47. Rb6 h4 48. a6
hxg3 49. a7 Qh5 50. a8=Q+ Kh7 51. Ng1 Qh2+ 52. Kf1 Rh5 53. Qxc6 g2+ 54. Ke2 Bf6
55. Qcxd5 Rxd5 56. Qxe4+ 1-0

[Event "Polugaevsky Memorial 2015"]
[Site "Samara RUS"]
[Date "2015.07.06"]
[Round "4.5"]
[White "Dobrov, Vladimir"]
[Black "Oganian, Miran"]
[Result "1-0"]
[WhiteTitle "GM"]
[BlackTitle "FM"]
[WhiteElo "2517"]
[BlackElo "2370"]
[WhiteFideId "4136594"]
[BlackFideId "4122488"]
[EventDate "2015.07.03"]

1. e4 c5 2. Nf3 Nc6 3. Bb5 d6 4. O-O Bd7 5. c3 Nf6 6. Re1 a6 7. Bf1 Bg4 8. h3
Bxf3 9. Qxf3 g6 10. d3 Bg7 11. Be3 Nd7 12. Nd2 O-O 13. Qd1 b5 14. Nf3 Nce5 15.
Nh2 Nc6 16. d4 cxd4 17. cxd4 e5 18. Nf3 exd4 19. Nxd4 Nxd4 20. Bxd4 Qe7 21. Bxg7
Kxg7 22. Qd4+ Nf6 23. Rad1 Rfd8 24. f4 Kg8 25. Kh2 Rac8 26. Bd3 d5 27. e5 Ne8
28. f5 gxf5 29. Bxf5 Rc4 30. Qd3 Rh4 31. e6 Rh6 32. Qe3 Kg7 33. Rd4 Rf6 34. Rg4+
Kf8 35. Qg5 Qd6+ 36. Kh1 fxe6 37. Qg8+ Ke7 38. Bxe6 Qxe6 39. Rxe6+ Rxe6 40. Rf4
Rdd6 41. Qxh7+ Kd8 42. Qa7 Rd7 43. Qd4 Ke7 44. Qh8 Nf6 45. Qc8 Kd6 46. Rf5 Ke7
47. Rf4 Kd6 48. Kh2 Ne4 49. Rf5 Ree7 50. Qxa6+ Kc5 51. Rf1 Kd4 52. Rf5 Nd6 53.
Rg5 Ne4 54. Qb6+ Kc4 55. Rf5 Rd6 56. b3+ Kc3 57. Qe3+ 1-0

[Event "Polugaevsky Memorial 2015"]
[Site "Samara RUS"]
[Date "2015.07.06"]
[Round "4.6"]
[White "Yuffa, Daniil"]
[Black "Pustovoitova, Daria"]
[Result "1-0"]
[WhiteTitle "IM"]
[BlackTitle "FM"]
[WhiteElo "2474"]
[BlackElo "2351"]
[WhiteFideId "24131423"]
[BlackFideId "4182146"]
[EventDate "2015.07.03"]

1. c4 e5 2. Nc3 Nf6 3. g3 d5 4. cxd5 Nxd5 5. Bg2 Be6 6. Nf3 Nc6 7. O-O Nb6 8. d3
Be7 9. Be3 O-O 10. Rc1 f6 11. a3 Nd4 12. Ne4 Bb3 13. Qd2 Na4 14. Bxd4 exd4 15.
Qf4 c5 16. Nfd2 Bd5 17. Qf5 Kh8 18. Nxf6 Bg8 19. Qd7 Nxb2 20. Qxd8 Rfxd8 21.
Nxg8 Kxg8 22. Rb1 Na4 23. Rxb7 Bf8 24. Ne4 h6 25. Rfb1 Nb6 26. Nd2 Na4 27. Bf3
Nc3 28. R1b3 a5 29. Nc4 Re8 30. Kf1 a4 31. R3b6 Rad8 32. Ke1 Re7 33. Rb8 Ree8
34. R8b7 Re7 35. Kd2 Rxb7 36. Rxb7 Re8 37. e4 g6 38. Bg4 h5 39. Bh3 Bh6+ 40. f4
g5 41. Nd6 1-0

[Event "Polugaevsky Memorial 2015"]
[Site "Samara RUS"]
[Date "2015.07.06"]
[Round "4.7"]
[White "Drygalov, Andrey"]
[Black "Utegaliyev, Azamat"]
[Result "1/2-1/2"]
[WhiteElo "2305"]
[BlackElo "2462"]
[WhiteFideId "24171735"]
[BlackFideId "13702467"]
[EventDate "2015.07.03"]

1. e4 e5 2. Nf3 Nc6 3. Bc4 Bc5 4. c3 Nf6 5. d3 a6 6. Nbd2 O-O 7. Bb3 Ba7 8. O-O
d5 9. Qe2 Re8 10. Re1 h6 11. h3 dxe4 12. Nxe4 Be6 13. Nxf6+ Qxf6 14. Be3 Bxe3
15. Qxe3 Rad8 16. Nd2 Bxb3 17. Nxb3 b6 18. Rad1 Re6 19. Qe4 Red6 20. Nc1 a5 21.
Re3 Qg6 22. Qxg6 Rxg6 23. a4 Rgd6 24. Rf1 f6 25. f4 Rd5 26. Re4 exf4 27. Rfxf4
Ne5 28. d4 Nc4 29. Rf2 c5 30. Nb3 cxd4 31. Nxd4 Ne5 32. Rfe2 R8d7 33. g4 Kf7 34.
Kh2 Rc5 35. Nb3 Rcd5 36. Nd4 Rc7 37. Nb5 Rcc5 38. Kg2 g5 39. Rd4 Nd3 40. Nd6+
Rxd6 41. Rxd6 Nf4+ 42. Kf3 Nxe2 43. Kxe2 b5 44. axb5 Rxb5 45. Rd2 Ke6 46. Kf3 a4
47. Rd4 Ra5 48. Rb4 Kf7 49. Rb7+ Kg6 50. Rb6 Ra7 51. c4 a3 52. bxa3 Rxa3+ 53.
Kg2 Rc3 54. Rc6 Rc2+ 55. Kg3 Rc1 56. c5 Rc2 57. Rc8 Rc3+ 58. Kg2 h5 59. c6 hxg4
60. hxg4 Kg7 61. c7 Rc2+ 62. Kf3 Rc1 63. Ke4 1/2-1/2

[Event "Polugaevsky Memorial 2015"]
[Site "Samara RUS"]
[Date "2015.07.06"]
[Round "4.8"]
[White "Ulko, Jaroslav"]
[Black "Tarasov, Alexandr"]
[Result "1-0"]
[WhiteTitle "IM"]
[WhiteElo "2461"]
[BlackElo "2288"]
[WhiteFideId "4116658"]
[BlackFideId "24128600"]
[EventDate "2015.07.03"]

1. d4 e6 2. Nf3 c5 3. e4 cxd4 4. Nxd4 Nc6 5. Nc3 Qc7 6. Be3 a6 7. Qd2 Nf6 8. f3
Bb4 9. O-O-O Ne5 10. Nb3 b5 11. Qe1 Rb8 12. a3 Be7 13. f4 Nc4 14. e5 Nd5 15.
Rxd5 Nxe3 16. Qxe3 exd5 17. Nxd5 Qd8 18. Qg3 g6 19. h4 Bb7 20. Nxe7 Qxe7 21. Bd3
Bd5 22. h5 Kd8 23. Qe3 Rc8 24. Qb6+ Rc7 25. Nd4 Rg8 26. hxg6 hxg6 27. Qxa6 Qc5
28. Nxb5 Rc6 29. Qa8+ Rc8 30. Qa5+ Ke7 31. Qe1 Rh8 32. Nd6 Rb8 33. c4 Qd4 34.
Nb5 Qxf4+ 35. Kc2 Rxh1 36. Qb4+ Ke8 37. Nc7+ 1-0

[Event "Polugaevsky Memorial 2015"]
[Site "Samara RUS"]
[Date "2015.07.06"]
[Round "4.9"]
[White "Gaifullin, Artur"]
[Black "Mokshanov, Alexey"]
[Result "1/2-1/2"]
[WhiteTitle "FM"]
[BlackTitle "IM"]
[WhiteElo "2300"]
[BlackElo "2458"]
[WhiteFideId "24168653"]
[BlackFideId "24121657"]
[EventDate "2015.07.03"]

1. d4 d5 2. c4 e6 3. Nf3 c6 4. e3 Nf6 5. Bd3 Nbd7 6. O-O Bd6 7. Nbd2 O-O 8. e4
e5 9. cxd5 cxd5 10. exd5 exd4 11. Ne4 Nxe4 12. Bxe4 Nf6 13. Qxd4 Nxe4 14. Qxe4
Re8 15. Qd4 Bf5 16. Be3 Qd7 17. Rfd1 Re4 18. Qd2 Bg4 19. Ng5 Ree8 20. Qd3 Bf5
21. Qf1 h6 22. Nf3 Be4 23. Rac1 Bxf3 24. gxf3 Re5 25. Bf4 Rh5 26. Bg3 Bxg3 27.
fxg3 Rxd5 28. Rxd5 Qxd5 29. b3 Qd2 30. Re1 Qxa2 31. Qb5 b6 32. Re8+ Rxe8 33.
Qxe8+ Kh7 34. Qxf7 Qb1+ 35. Kg2 Qc2+ 36. Kh3 Qd3 37. Qxa7 Qxb3 38. Qb7 Qb1 39.
Qd5 b5 40. f4 Qf1+ 41. Kg4 Qe2+ 42. Kh3 Qc4 43. Qf5+ Kg8 44. Qd7 b4 45. Qe8+ Kh7
46. f5 Qf1+ 47. Kg4 Qd1+ 48. Kh3 Qd6 49. Qe4 Kg8 50. g4 Qb6 51. Qe8+ Kh7 52. Qe4
Kg8 1/2-1/2

[Event "Polugaevsky Memorial 2015"]
[Site "Samara RUS"]
[Date "2015.07.06"]
[Round "4.10"]
[White "Kudelya, Igor"]
[Black "Slavin, Alexey"]
[Result "0-1"]
[WhiteTitle "FM"]
[BlackTitle "IM"]
[WhiteElo "2240"]
[BlackElo "2403"]
[WhiteFideId "4177339"]
[BlackFideId "24104388"]
[EventDate "2015.07.03"]

1. d4 d5 2. Nc3 Nf6 3. Bf4 Bf5 4. f3 e6 5. g4 Bg6 6. h4 h5 7. g5 Nfd7 8. Qd2 Bb4
9. e3 c5 10. a3 cxd4 11. axb4 dxc3 12. bxc3 O-O 13. Bd3 Nc6 14. Ne2 Nce5 15. O-O
Qb6 16. Kg2 Rac8 17. Bg3 a6 18. Nf4 Qc6 19. Be1 Nb6 20. Be2 Nec4 21. Qc1 e5 22.
Nd3 e4 23. Nc5 exf3+ 24. Rxf3 Nd7 25. Nxd7 Qxd7 26. Rf4 Rfe8 27. Bf2 Qe6 28.
Bxc4 Be4+ 29. Kh2 Rxc4 30. Ra3 Rec8 31. Qd2 Qe5 32. Bg3 Qe6 33. Be1 Rxb4 34.
cxb4 Rxc2 35. Rc3 Rxd2+ 36. Bxd2 d4 37. exd4 Bc6 38. Re3 Qd5 39. Ref3 Qa2 40.
Rf2 Qb1 41. Rf1 Qc2 42. R4f2 Qe4 43. Bf4 Qxd4 44. Bg3 Qxb4 45. Rxf7 Qe4 46. R7f2
Kh7 47. Rg1 a5 48. Rd2 a4 49. g6+ Kxg6 50. Be5+ Kh6 51. Bg3 Kh7 52. Re1 Qg4 53.
Re3 Qb4 54. Red3 Qe4 55. Bd6 Qxh4+ 56. Rh3 Qg5 57. Rhd3 Be4 58. Rd4 Qh4+ 59. Kg1
Qe1+ 60. Kh2 Qh1+ 0-1

[Event "Polugaevsky Memorial 2015"]
[Site "Samara RUS"]
[Date "2015.07.07"]
[Round "5.1"]
[White "Timofeev, Artyom"]
[Black "Alekseenko, Kirill"]
[Result "1-0"]
[WhiteTitle "GM"]
[BlackTitle "GM"]
[WhiteElo "2536"]
[BlackElo "2513"]
[WhiteFideId "4140419"]
[BlackFideId "4135539"]
[EventDate "2015.07.03"]

1. e4 c5 2. Nf3 Nc6 3. Nc3 d6 4. d4 cxd4 5. Nxd4 Nf6 6. Bg5 e6 7. Qd2 a6 8.
O-O-O Bd7 9. f4 Be7 10. Nf3 b5 11. Bxf6 gxf6 12. Bd3 b4 13. Ne2 Qb6 14. Kb1 a5
15. f5 Qc5 16. Nf4 a4 17. Rhe1 Bd8 18. b3 Qc3 19. Bb5 axb3 20. cxb3 Qxd2 21.
Rxd2 Na7 22. Bc4 e5 23. Nd5 Rb8 24. Red1 Bc6 25. Ne1 Rg8 26. Nc2 Rg4 27. Ncxb4
Bxd5 28. Nxd5 Rxe4 29. Ka1 Nc6 30. Nc3 Rf4 31. Bb5 Rxb5 32. Nxb5 1-0

[Event "Polugaevsky Memorial 2015"]
[Site "Samara RUS"]
[Date "2015.07.07"]
[Round "5.2"]
[White "Dobrov, Vladimir"]
[Black "Belyakov, Bogdan"]
[Result "1/2-1/2"]
[WhiteTitle "GM"]
[BlackTitle "IM"]
[WhiteElo "2517"]
[BlackElo "2500"]
[WhiteFideId "4136594"]
[BlackFideId "24104795"]
[EventDate "2015.07.03"]

1. c4 Nf6 2. Nc3 g6 3. g3 Bg7 4. Bg2 O-O 5. d3 c5 6. Bg5 Nc6 7. Qd2 a6 8. h4 h5
9. Bxf6 Bxf6 10. Ne4 Bg7 11. Nxc5 b5 12. cxb5 axb5 13. e3 Qb6 14. Nb3 Bb7 15.
Ne2 Ne5 16. O-O Nf3+ 17. Bxf3 Bxf3 18. Nbd4 Bg4 19. Nc3 b4 20. Nce2 Ra4 21. f3
Bh3 22. Rf2 e5 23. Nc2 Rfa8 24. Nc1 b3 25. Nxb3 Rxa2 26. Rxa2 Rxa2 27. Qc3 Be6
28. Nc5 Rxb2 29. Kg2 Ra2 30. e4 d5 31. Nxe6 Qxe6 32. Qb3 dxe4 33. Qxe6 exf3+ 34.
Kxf3 fxe6 35. Ne3 Ra8 36. Rc2 Rd8 37. Ke2 Rd4 38. Rc4 Rd7 39. Rc6 Kf7 40. Nc4
Ke7 41. Nd2 Bf6 42. Ne4 Kf7 43. Nc5 Re7 44. Ne4 Rd7 45. Rc1 Be7 46. Rf1+ Kg7 47.
Rb1 Kf7 48. Rb5 Rd5 49. Rb7 Ke8 1/2-1/2

[Event "Polugaevsky Memorial 2015"]
[Site "Samara RUS"]
[Date "2015.07.07"]
[Round "5.3"]
[White "Slavin, Alexey"]
[Black "Yuffa, Daniil"]
[Result "0-1"]
[WhiteTitle "IM"]
[BlackTitle "IM"]
[WhiteElo "2403"]
[BlackElo "2474"]
[WhiteFideId "24104388"]
[BlackFideId "24131423"]
[EventDate "2015.07.03"]

1. e4 c5 2. b3 Nc6 3. Bb2 e5 4. Bb5 d6 5. f4 exf4 6. Nf3 Ne7 7. O-O a6 8. Bxc6+
Nxc6 9. Nc3 Ne7 10. d4 Be6 11. Ne2 Ng6 12. Qd2 Be7 13. Nxf4 O-O 14. Nxg6 hxg6
15. d5 Bg4 16. Qf4 Qd7 17. Rae1 Rae8 18. Re3 Bd8 19. c4 f6 20. h4 Bh5 21. Nh2 b5
22. g4 g5 23. Qf3 Bg6 24. hxg5 fxg5 25. Qe2 bxc4 26. bxc4 Rf4 27. e5 Qa4 28.
Rxf4 gxf4 29. Ra3 Rxe5 30. Bxe5 Qxa3 31. Bxf4 Qd3 32. Kf1 Qh3+ 33. Kg1 Bf6 34.
Nf1 Bd3 35. Qe6+ Kh7 36. Ne3 Bd4 37. g5 Qf1+ 38. Kh2 Qxf4+ 0-1

[Event "Polugaevsky Memorial 2015"]
[Site "Samara RUS"]
[Date "2015.07.07"]
[Round "5.4"]
[White "Goganov, Aleksey"]
[Black "Ulko, Jaroslav"]
[Result "1-0"]
[WhiteTitle "GM"]
[BlackTitle "IM"]
[WhiteElo "2601"]
[BlackElo "2461"]
[WhiteFideId "24109959"]
[BlackFideId "4116658"]
[EventDate "2015.07.03"]

1. Nf3 Nf6 2. c4 g6 3. Nc3 Bg7 4. e4 d6 5. d4 O-O 6. h3 e5 7. d5 a5 8. g4 Na6 9.
Be3 c6 10. Be2 cxd5 11. cxd5 Nc5 12. Nd2 Ne8 13. h4 b6 14. Qc2 Bd7 15. f3 a4 16.
a3 Bf6 17. g5 Be7 18. Bb5 Bxb5 19. Nxb5 Qd7 20. Nc3 Ng7 21. Nc4 Bd8 22. Bxc5
bxc5 23. O-O-O Nh5 24. Kb1 Bc7 25. Ka2 Rfb8 26. Ne2 Bd8 27. Rhf1 f6 28. f4 exf4
29. gxf6 Bxf6 30. Nxf4 Nxf4 31. Rxf4 Bd4 32. h5 Rf8 33. Rxf8+ Rxf8 34. hxg6 Rf2
35. gxh7+ Qxh7 36. Rd2 Rxd2 37. Nxd2 Qh2 38. Qd3 Qg2 39. Nc4 Kg7 40. Qd2 Qxe4
41. Qg5+ Kh8 42. Nxd6 Qc2 43. Qh6+ Kg8 44. Qe6+ Kh8 45. Qe8+ Kg7 46. Qb5 Kf6 47.
Nc4 Kf5 48. d6 Ke6 49. d7 Qb3+ 50. Qxb3 axb3+ 51. Kxb3 Kxd7 52. Ka4 Kc6 53. Ka5
Bf6 54. Ka6 Bd4 55. a4 Bf6 56. b3 Bc3 57. Na5+ Kd5 58. Kb5 Be5 59. Nc4 Bb8 60.
a5 Kd4 61. a6 Kc3 62. Na5 Ba7 63. Nc6 1-0

[Event "Polugaevsky Memorial 2015"]
[Site "Samara RUS"]
[Date "2015.07.07"]
[Round "5.5"]
[White "Iljushin, Alexei"]
[Black "Litvinov, Maxim"]
[Result "1/2-1/2"]
[WhiteTitle "GM"]
[WhiteElo "2531"]
[BlackElo "2392"]
[WhiteFideId "4122178"]
[BlackFideId "24157449"]
[EventDate "2015.07.03"]

1. d4 d5 2. Nf3 Nf6 3. g3 c6 4. c4 Bg4 5. Bg2 e6 6. Nc3 Nbd7 7. h3 Bh5 8. g4 Bg6
9. Nh4 dxc4 10. Nxg6 hxg6 11. e4 e5 12. Be3 Bd6 13. O-O Qe7 14. Qe2 exd4 15.
Bxd4 Ne5 16. f4 Bc5 17. Qe3 Nd3 18. e5 Nd7 19. Ne4 O-O-O 20. Nxc5 N7xc5 21. b4
Ne6 22. Bxa7 g5 23. fxg5 Nxg5 24. Rf5 Ne6 25. Raf1 Qxb4 26. Rxf7 c3 27. a3 Qb3
28. Bb6 c2 29. Bxd8 Rxd8 30. Bxc6 c1=Q 31. Rxc1 Nxc1 32. Qxb3 Nxb3 33. Bxb7+ Kb8
34. Be4 Nbc5 35. Bf5 Rd5 36. h4 Rxe5 37. Re7 Kc8 38. Rxg7 Rxf5 39. Rg8+ Rf8 40.
Rxf8+ Nxf8 41. a4 Nxa4 1/2-1/2

[Event "Polugaevsky Memorial 2015"]
[Site "Samara RUS"]
[Date "2015.07.07"]
[Round "5.6"]
[White "Levin, Evgeny A."]
[Black "Ozolin, Maxim"]
[Result "0-1"]
[WhiteTitle "GM"]
[BlackTitle "IM"]
[WhiteElo "2519"]
[BlackElo "2384"]
[WhiteFideId "4182596"]
[BlackFideId "4133340"]
[EventDate "2015.07.03"]

1. d4 Nf6 2. c4 g6 3. Nc3 Bg7 4. e4 d6 5. Nf3 O-O 6. Be2 e5 7. d5 a5 8. Bg5 h6
9. Be3 Ng4 10. Bd2 f5 11. h3 Nf6 12. exf5 gxf5 13. Qc1 f4 14. g3 e4 15. Nh4 e3
16. fxe3 fxg3 17. Ng6 Re8 18. Qc2 Na6 19. O-O-O Nb4 20. Qb3 Bf5 21. Nf4 Nd7 22.
Na4 Bc2 23. Qa3 Bxd1 24. Rxd1 Qf6 25. Rg1 Qf5 26. Qb3 Nf6 27. Nc3 Qg5 28. Ne6
Rxe6 29. dxe6 Re8 30. a3 Na6 31. Qxb7 Nc5 32. Qf3 Rxe6 33. Rxg3 Qe5 34. Be1 Nfe4
35. Rg2 Ng5 36. Qa8+ Kh7 37. Qd5 Qxe3+ 38. Kb1 Re5 39. Qd1 Qxh3 40. Rf2 Qe6 41.
Nd5 c6 42. Nf4 Qf5+ 43. Ka2 Nce4 44. Rf1 Qd7 45. Nd3 Re8 46. Bxa5 Rb8 47. Qc2
Kh8 48. Rb1 d5 49. Be1 Ne6 50. Bg4 Qf7 51. Qh2 Qb7 52. Bb4 dxc4 53. Bxe6 cxd3
54. Bc4 c5 55. Bxd3 Qd5+ 56. Ka1 Rxb4 0-1

[Event "Polugaevsky Memorial 2015"]
[Site "Samara RUS"]
[Date "2015.07.07"]
[Round "5.7"]
[White "Gevorgyan, David"]
[Black "Papin, Vasily"]
[Result "1/2-1/2"]
[WhiteTitle "IM"]
[BlackTitle "GM"]
[WhiteElo "2368"]
[BlackElo "2500"]
[WhiteFideId "13303244"]
[BlackFideId "4143183"]
[EventDate "2015.07.03"]

1. d4 Nf6 2. c4 e6 3. Nc3 Bb4 4. e3 O-O 5. Bd3 c5 6. Nf3 b6 7. O-O Bb7 8. a3
Bxc3 9. bxc3 Ne4 10. Qc2 f5 11. Nd2 Nxd2 12. Bxd2 Nc6 13. f3 Na5 14. Be1 Rc8 15.
Qe2 Ba6 16. Rc1 Qc7 17. d5 exd5 18. Bg3 d6 19. cxd5 Bxd3 20. Qxd3 c4 21. Qe2 Qc5
22. a4 f4 23. Bf2 Rce8 24. e4 Qxd5 25. Rcd1 Qc6 26. Qd2 Re6 27. Qd5 Re8 28. Qxc6
Nxc6 29. Rd5 Na5 30. Rfd1 Nb7 31. Bd4 g6 32. Rb1 Kf7 33. h4 h5 34. g3 fxg3 35.
Kg2 Rc8 36. Kxg3 Nc5 37. a5 bxa5 38. Bxc5 Rxc5 39. Rxc5 dxc5 40. Rb7+ Re7 1/2-1/2